00898nam a22001817aa450000500170000000800410001702000180005805000160007608200180009210000240011024500800013426000330021430000180024750503410026565000420060665000410064870000270068920231102152011.0161125s2009 sp ||||| |||| 00| 0 spa d a9788483226117 4aHF5718bX53 4a659.2 bX403c1 aXifra, Jordieautor10aCasos de relaciones públicas y comunicación corporativac / Jordi Xifra30aEspañab : Pearsonc, 2009 a185 páginas1 aEl proceso de las relaciones públicas La comunicación interna Las relaciones con los medios de comunicación social Las relaciones con la comunidad Las relaciones institucionales y el lobbismo La comunicación financiera Las relaciones con los consumidores Las relaciones públicas interculturales Las relaciones con la comunidad14aCOMUNICACIÓN EN LA ADMINISTRACIÓN24aCOMUNICACIÓN EN LAS ORGANIZACIONES1 aLalueza, Ferraneautor